000 00300 a2200121 4500
000 nam a22 7a 4500
005 20260220050053.0
020 _a9788119989492
100 _aRahul Sankrityayan
_91116329
245 _aRajasthani Ranivas
260 _bRadhakrishna Prakashan
_c2025
942 _cTEXL
999 _c1679994
_d1679994